INFORME SOBRE EL DESARROLLO MUNDIAL 1992 DE DESARROLLO... (Registro nro. 7246)
[ vista simple ]
| 000 -LEADER | |
|---|---|
| fixed length control field | 00466nam a2200145 a 4500 |
| 001 - CONTROL NUMBER | |
| control field | 7246 |
| 005 - DATE AND TIME OF LATEST TRANSACTION | |
| control field | 20180713191134.0 |
| 008 - FIXED-LENGTH DATA ELEMENTS--GENERAL INFORMATION | |
| fixed length control field | 140415s1992 000 0 spa d |
| 041 ## - LANGUAGE CODE | |
| Language code of text/sound track or separate title | spa |
| 082 ## - DEWEY DECIMAL CLASSIFICATION NUMBER | |
| Classification number | 304.21724 |
| Item number | INF |
| 245 00 - TITLE STATEMENT | |
| Title | INFORME SOBRE EL DESARROLLO MUNDIAL 1992 DE DESARROLLO... |
| 260 ## - PUBLICATION, DISTRIBUTION, ETC. | |
| Place of publication, distribution, etc. | [s.l.] : |
| Name of publisher, distributor, etc. | BANCO MUNDIAL, |
| Date of publication, distribution, etc. | 1992 |
| 300 ## - PHYSICAL DESCRIPTION | |
| Extent | 300 |
| 650 14 - SUBJECT ADDED ENTRY--TOPICAL TERM | |
| Topical term or geographic name entry element | CONTAMINACION DEL AGUA |
| General subdivision | CONTAMINACION DEL AIRE |
| -- | DESAROLLO DE LA COMUNIDAD |
| -- | REVISTAS |
| Withdrawn status | Lost status | Source of classification or shelving scheme | Damaged status | Not for loan | Collection code | Home library | Current library | Shelving location | Date acquired | Source of acquisition | Inventory number | Total Checkouts | Full call number | Barcode | Date last seen | Price effective from | Koha item type |
|---|---|---|---|---|---|---|---|---|---|---|---|---|---|---|---|---|---|
| Dewey Decimal Classification | General | Biblioteca Karol Wojtyla | Biblioteca Karol Wojtyla | Sala general | 03/12/2013 | Compra | 151000000000000000054194 | 304.21724 INF | 20070 | 05/01/2026 | 03/12/2013 | Libro | |||||
| Dewey Decimal Classification | General | Biblioteca Karol Wojtyla | Biblioteca Karol Wojtyla | Sala general | 03/12/2013 | Compra | 151000000000000000054193 | 304.21724 INF | 20069 | 05/01/2026 | 03/12/2013 | Libro |